Countries With The Same First 3 Letters Quiz Stats

 Plays Quiz Updated Feb 17, 2015

Challenge
Share
Tweet
Embed
Score 0/54 Timer 04:00
2 Plays Today
First Letters Country % Correct
Aus-Australia
99.2%
Aus-Austria
99%
Ira-Iran
97.5%
Ira-Iraq
97%
Ind-India
96.3%
Nig-Niger
95.2%
Nor-Norway
94.8%
Nig-Nigeria
94.1%
Lib-Libya
93.1%
Bel-Belgium
92.4%
Gre-Greece
92%
Dom-Dominica
91.8%
Lib-Liberia
91.7%
Ind-Indonesia
91.1%
Cam-Cambodia
91%
Tur-Turkey
91%
Bah-Bahrain
90.2%
Slo-Slovakia
89.4%
Slo-Slovenia
88.5%
Dom-Dominican Republic
88.2%
Chi-China
87%
Gui-Guinea
86.9%
Bel-Belarus
86%
Chi-Chile
85.1%
Cam-Cameroon
83.2%
Bah-Bahamas
82.9%
Uni-United States
78%
First Letters Country % Correct
Sou-South Korea
76.2%
Tur-Turkmenistan
75.7%
Pal-Palestine
75.1%
Mau-Mauritius
72.3%
Mau-Mauritania
70.8%
Uni-United Kingdom
70.3%
Uni-United Arab Emirates
64.8%
Mal-Maldives
64.6%
Mal-Mali
64.2%
Gui-Guinea-Bissau
63.6%
Bur-Burundi
62.7%
Sou-South Sudan
62.5%
Mal-Malaysia
62%
Gre-Grenada
62%
Sou-South Africa
61.6%
Mon-Monaco
61.1%
Pal-Palau
60.3%
Nor-North Korea
59.3%
Mal-Malawi
58%
Mon-Montenegro
57.8%
Mon-Mongolia
56.2%
Bel-Belize
53%
Mal-Malta
50.7%
Bur-Burkina Faso
50.1%
Sai-Saint Kitts and Nevis
36.4%
Sai-Saint Lucia
35.8%
Sai-Saint Vincent and the Grenadines
34.6%

You're not logged in!

Compare scores with friends on all Sporcle quizzes.
Join for Free
OR
Log In

You Might Also Like...

Show Comments

Extras

Top Quizzes Today


Score Distribution

Your Account Isn't Verified!

In order to create a playlist on Sporcle, you need to verify the email address you used during registration. Go to your Sporcle Settings to finish the process.

Report this User

Report this user for behavior that violates our Community Guidelines.

Details: